000 01508nam a22003737a 4500
003 CHAP
005 20220329143719.0
008 110328s2011 mx r 00010 spa d
010 _a100765
011 _a101737
035 _a112425
040 _cCHAP
090 _aTesis
100 1 _aMartínez Vásquez, Ericel.
_972633
245 1 0 _aAnálisis de la lombricomposta en la fitosanidad del maíz (Zea mays L.) en Xaltepa, Chapingo, México
_h[En línea]
_c/por Ericel Martínez Vásquez
260 _aChapingo, Méx. :
_bEl autor,
_c2011
500 _aPara ver el contenido del material haga clic en la liga
502 _aTesis (Ing. Agr. Esp. en Parasitología Agrícola) -- UACH. Departamento de Parasitología Agrícola
590 _aALEPH
_b10
_c20130110
_lUCH01
_h1540
590 _aBATCH-UPD
_b10
_c20130110
_lUCH01
_h0853
590 _aBATCH-UPD
_b10
_c20130410
_lUCH01
_h0525
590 _aBATCH-UPD
_b10
_c20130914
_lUCH01
_h1729
590 _aBATCH-UPD
_b10
_c20140324
_lUCH01
_h1524
590 _aBATCH-UPD
_b10
_c20141002
_lUCH01
_h0848
590 _aCONVERSION
_b10
_c20130109
_lUCH01
_h1356
650 1 4 _aLombrices como compost.
_967519
650 1 4 _aMaíz
_zMéxico (Edo.).
_971099
650 1 4 _aSanidad vegetal.
_9102224
856 _3Finding aid
_uhttp://10.13.5.2/tesis/112425.pdf
_zTeclea Aqui
901 _aBK
942 _cFOLL
949 _aTesis
_bBC
_cTES
_d33724002259330
_eTS1
_gDonaciØn
_h52118
_i112425
_st
949 _aTesis
_bBC
_cTES
_d33724002259371
_eTS2
_fc.2
_gDonaciØn
_h52119
_i112425
_st
999 _c100765
_d100765